Podvyžnyctvo Romana Lubkivs'koho

Podrobná bibliografia
Hlavný autor: -uk- (Autor)
Médium: Článok
Jazyk:ukrajinčina
slovenčina
Predmet:

MARC

LEADER 00000nab a2200000 a 4500
001 vtls000792230
003 SK-MaSNL
005 20260319070404.0
008 160314c2001 xo 0 ukr
015 |a SNBRB2002/04-13741 
035 |a CLN000143885 
040 |a SNKBUCL  |b slo  |c SNKBUCL  |e AACR2 
041 0 |a slo 
044 |a xo  |c SK 
080 |a 82:929:883  |2 UDC-MRF-SK2 
080 |a 883:929  |2 UDC-MRF-SK2 
080 |a 929 Lubkivs'kyj, Roman  |2 UDC-MRF-SK2 
100 0 |a -uk-  |4 aut  |9 1008744 
245 1 0 |a Podvyžnyctvo Romana Lubkivs'koho  |c [avtor] -uk- 
600 1 7 |a Lubkìvs’kyj, Roman,  |d 1941-  |2 snkbucl  |9 186694 
773 0 |t Nove žyttja  |g Roč. 51, č. 35-36 (2001), s. 4 
850 |a Slovenská národná knižnica v Martine 
852 |a SNK  |b KIS3GCP 
958 |a UK 
958 |a SK 
958 |a LX 
958 |a UA 
958 |a BC 
958 |a RBX 
999 |c 1764418  |d 1766348